00892 2200313 4500001002100000005001500021035002000036007000300056008004100059040001700100100002200117245011800139300003000257020002200287041000800309082001000317084001600327090002000343260003000363600001500393850001000408700002700418250000900445990002500454990002500479990002400504990002400528990002600552INLIS00000000000277920260531121514 a0010-0720000062ta260531 0  aSBPUPADbind0 aPaskalina Askalin1 aBuku Aktivitas Anak :bMengenal Tiga Puluh Empat Jenis Tari Nusantara /cPaskalina Askalin;editor, Arie Prabawati a74 hlm. :bilus. ;c28 cm a978-979-29-6143-00 aind a371.1 a371.1 PAS b a320.1 JUM p 5-7 aYogyakarta :bAndi,c2017 4apendidikan aPUPAD0 aeditor, Arie Prabawati aEd.1 a34.636a/DAK/DPK/2019 a34.635a/DAK/DPK/2019 a34.635/DAK/DPK/2019 a34.636/DAK/DPK/2019 a34.636/DAK/DPK/2019 a